Annie get your gun : vocal selection /

Bibliographic Details
Main Author: Berlin, Irving, 1888-1989
Other Authors: Fields, Herbert, 1897-1958, Fields, Dorothy, 1905-1974
Format: Musical Score Book
Language:English
Published: New York, N.Y. : I. Berlin Music Corp., [1967]
Subjects:

MARC

Tag First Indicator Second Indicator Subfields
LEADER 00000ccm a2200000Ma 4500
001 in00001643708
005 20151023121221.0
008 911015s1967 nyumcd n eng d
035 |a (OCoLC)ocm42230891 
040 |a WaV  |c YEP  |d TXA  |d UtOrBLW 
048 |b vn01  |a ka01 
049 |a TXAM 
090 |a M1503.B499  |b A56 1967 
100 1 |a Berlin, Irving,  |d 1888-1989. 
240 1 0 |a Annie get your gun.  |s Vocal score.  |k Selections 
245 1 0 |a Annie get your gun :  |b vocal selection /  |c lyrics and music by Irvin Berlin ; book by Herbert and Dorothy Fields ; directed by Joshua Logan. 
264 1 |a New York, N.Y. :  |b I. Berlin Music Corp.,  |c [1967] 
264 4 |c ©1967 
300 |a 1 vocal score (41 pages) ;  |c 31 cm. 
336 |a notated music  |b ntm  |2 rdacontent 
337 |a unmediated  |b n  |2 rdamedia 
338 |a volume  |b nc  |2 rdacarrier 
500 |a Acc arr. for piano with added chord symbols. 
500 |a Cover title. 
505 0 |a Anything you can do -- You can't get a man with a gun -- My defenses are down -- I got the sun in the morning -- There's no business like show business --Moonshine lullaby -- Doin' what comes natur'lly -- The girl that I marry -- They say it's wonderful -- An old fashioned wedding. 
536 |a Gift from the library of Frank and Elizabeth Coulter, December, 1999. 
650 0 |a Musicals  |v Excerpts  |v Vocal scores with piano. 
700 1 2 |a Fields, Herbert,  |d 1897-1958.  |t Annie get your gun. 
700 1 2 |a Fields, Dorothy,  |d 1905-1974.  |t Annie get your gun. 
994 |a E0  |b TXA 
948 |a cataloged  |b h  |c 2002/2/5  |d c  |e bhartsfi  |f 6:14:27 pm 
999 |a MARS 
999 f f |s 5bdf9996-c6fe-33ea-8fe4-7c323d07e21f  |i 29fef4c0-b49e-3c3d-8ee8-3bb3cbda39b4  |t 0 
952 f f |p ric  |a Texas A&M University  |b Rellis Campus  |c Joint Library Facility  |d Remote Storage  |t 0  |e M1503.B499 A56 1967  |h Library of Congress classification  |i unmediated -- volume  |m A14828306621 
998 f f |a M1503.B499 A56 1967  |t 0  |l Remote Storage